Score 0/36 Timer 03:00
6 Plays Today
Rhyme % Correct
bite
95.6%
light
95.5%
kite
94.5%
night
94%
might
93.7%
right
92.5%
fight
91.2%
sight
90.5%
tight
89.1%
lite
87.8%
mite
86.8%
site
85.3%
height
85.2%
bright
83.5%
rite
79.7%
blight
77.5%
flight
75.7%
white
74.3%
Rhyme % Correct
nite
72%
slight
70.9%
fright
70.5%
plight
69.4%
trite
58.8%
cite
57.4%
quite
56.4%
spite
55.3%
write
49.6%
smite
49.1%
sprite
36.9%
wright
36.6%
bight
35.9%
knight
35.9%
wight
35.3%
byte
25.4%
sleight
23.4%
krait
2.6%
Remove Ads.
Support Sporcle.
Get the best of Sporcle when you Go Orange. This ad-free experience offers more features, more stats, and more fun while also helping to support Sporcle. Thank you for becoming a member.

You're not logged in!

Compare scores with friends on all Sporcle quizzes.
OR
Log In

Show Comments

Extras

Top Quizzes Today


Score Distribution

Your Account Isn't Verified!

In order to create a playlist on Sporcle, you need to verify the email address you used during registration. Go to your Sporcle Settings to finish the process.

Report this User

Report this user for behavior that violates our Community Guidelines.

Details: